000 00477nam a2200181Ia 4500
005 20250508151647.0
008 008 250505s9999 xx 000 0 eng d
037 _aTextual
040 _aFEDL
_beng
_cFEDL
041 _aeng
_2eng
084 _a157, HOU
_qFEDL
100 _aHoutchens H. Max
_9759695
245 0 _aStudies in emotional adjustment
300 _a195p.
650 _aAbnormal Psychology
942 _cTEXL
_h157, HOU
999 _c1331221
_d1331221